The Egyptian Book of the dead : the Book of going forth by day : being the Papyrus of Ani (royal scribe of the divine offerings), written and illustrated circa 1250 B.C.E., by scribes and artists unknown, including the balance of chapters of the books of the dead known as the theban recension, compiled from ancient texts, dating back to the roots of egyptian civilization /
محفوظ في:
مؤلفون آخرون: , , ,
التنسيق: كتاب
اللغة:
English
Ancient Egyptian
منشور في:
San Francisco :
Chronicle Books,
1994.
الطبعة: 1st ed.
الموضوعات:
الوسوم: إضافة وسم
لا توجد وسوم, كن أول من يضع وسما على هذه التسجيلة!
رقم الطلب: (F)PJ1555 .E5 F38 1994
| LEADER | 01886aam a2200397 a 4500 | ||
|---|---|---|---|
| 003 | OSt | ||
| 005 | 20240221095723.0 | ||
| 008 | 240221s1994 cauaf b 000 0 eng | ||
| 999 | |c 56999 |d 56999 | ||
| 010 | |a 93051261 | ||
| 020 | |a 0811807673 (pb) | ||
| 020 | |a 0811807924 (hc) | ||
| 040 | |a DLC |c DLC |d DLC | ||
| 041 | 1 | |a eng |a egy |h egy | |
| 043 | |a f-ua--- | ||
| 050 | 0 | 0 | |a (F)PJ1555 .E5 |b F38 1994 |
| 082 | 0 | 0 | |a 299/.31 |2 20 |
| 130 | 0 | |a Book of the dead. |l English & Egyptian. | |
| 245 | 1 | 4 | |a The Egyptian Book of the dead : |b the Book of going forth by day : being the Papyrus of Ani (royal scribe of the divine offerings), written and illustrated circa 1250 B.C.E., by scribes and artists unknown, including the balance of chapters of the books of the dead known as the theban recension, compiled from ancient texts, dating back to the roots of egyptian civilization / |c translated by Raymond O. Faulkner ; with additional translations and a commentary by Ogden Goelet JR. ; with color illustrations from the facsimile volume produced in 1890 under the supervision of E.A. Wallis Budge ; introduced by Carol A.R. Andrews ; edited by Eva Von Dassow ; in an edition conceived by James Wasserman. |
| 250 | |a 1st ed. | ||
| 260 | |a San Francisco : |b Chronicle Books, |c 1994. | ||
| 300 | |a 175 p. : |b ill (some col.), plates ; |c 36 cm. | ||
| 336 | |2 rdacontent |a text |b txt | ||
| 337 | |2 rdamedia |a unmediated |b n | ||
| 338 | |2 rdacarrier |a volume |b n | ||
| 500 | |a Digital copy is on the Internet Archive website. | ||
| 504 | |a Includes bibliographical references (p. 171). | ||
| 650 | 0 | |a Incantations, Egyptian. | |
| 650 | 0 | |a Future life. | |
| 700 | 1 | |a Faulkner, Raymond O. |q (Raymond Oliver), |d 1894-1982. | |
| 700 | 1 | |a Goelet, Ogden, |c Jr., |d 1942- | |
| 700 | 1 | |a Von Dassow, Eva. | |
| 700 | 1 | |a Wasserman, James, |d 1948- | |
| 730 | 0 | |a Papyrus of Ani. | |
| 901 | |a reviewed | ||
| 942 | |2 lcc |c BK | ||
